LEADER 01307nam a2200325 u 4500 001 000000074407 003 CaOOAMICUS 005 20070226122446.0 008 021206s1986 gw u000 u eng u 020 $a3161449630 035 $a10947632 040 $aPUL$bita 100 1 $aCaragounis, Chrys C.,$d1940-$0(OLS)http://pul/name/49321 245 14$aThe son of Man :$bVision and Interpretation /$cChrys C. Caragounis. 260 $aTübingen :$bJ.C.B. Mohr,$c1986. 300 $aix, 310 p. ;$c24 cm 490 1 $aWissenschaftliche Untersuchungen zum Neuen Testament ;$v38 500 $aComprende indici. 504 $aBibliografia in nota. 650 4$aCristologia.$0(OLS)http://pul/subject/1402 830 0$aWissenschaftliche Untersuchungen zum Neuen Testament ;$v38.$0(OLS)http://pul/title/8628 850 $aPUL 852 $aPUL$W1$xSL Religione 1$y3$m16 H 38$j95975$nBK-PRI$b $qStampati$B95975$CPULBib$Z2$F95975 $H $81 941 1 $a8 960 $aIesus Christus$91402 960 $aIesus Christus$91402 961 $aINV: 89420 996 $6020$a3161449630$9(OLS)http://pul/number/96471 996 $6245$aThe son of Man :$bVision and Interpretation$9(OLS)http://pul/title/97699 996 $6260$aTübingen :$bJ.C.B. Mohr$9(OLS)http://pul/publisher/47972 LEADER 01269nam a2200301 a 4500 001 000000139400 003 CaOOAMICUS 005 20160928174653.0 008 140723s2013 it u000 u ita r 020 $a978-88-348-7041-9 032 $aLibriCat 040 $aPUL$bita 082 04$a342.4508 100 1 $aBarberini, Giovanni,$csacerdote,$d1932-2021.$0(OLS)http://pul/name/33189 245 10$aFonti normative di diritto ecclesiastico /$cGiovanni Barberini, Marco Canonico. 260 $aTorino :$bGiappichelli,$cİ2013. 300 $a473 p. ;$c17 cm 504 $aInclude riferimenti bibliografici. 650 4$aDiritto ecclesiastico$xFonti.$0(OLS)http://pul/subject/17624 700 1 $aCanonico, Marco,$d1963-$0(OLS)http://pul/name/28577 850 $aPUL 852 $aPUL$W1$xSL Diritto e Scienze Sociali 3$y79$m342. 4508 BARGI 1$j161032$qDDC 21$B160481$CPULBib$Z2$F160481 $H124469 $82 941 1 $a9 996 $6020$a978-88-348-7041-9$9(OLS)http://pul/number/155825 996 $6082$a342.4508$9(OLS)http://pul/classification/2199 996 $6245$aFonti normative di diritto ecclesiastico$9(OLS)http://pul/title/176475 996 $6260$aTorino :$bGiappichelli$9(OLS)http://pul/publisher/48244